Minecraft Biomes: Desert - Statistics

General Stats
  • This quiz has been taken 27 times
  • The average score is 13 of 27
Answer Stats
Block Category Answer % Correct
Blocks Surface Sand
100%
Blocks Surface Sandstone
96%
Plants Foliage Cactus
79%
Structures Surface Desert Pyramid
75%
Structures Surface Village
75%
Mobs Monster Skeleton
67%
Mobs Monster Spider
67%
Plants Foliage Dead Bush
63%
Mobs Monster Zombie
63%
Mobs Monster Creeper
58%
Mobs Monster Husk
58%
Mobs Creature Camel
54%
Mobs Monster Enderman
46%
Structures Underground Mineshaft
46%
Mobs Ambient Bat
42%
Mobs Underground Water Glow Squid
42%
Mobs Creature Rabbit
42%
Structures Underground Stronghold
38%
Mobs Monster Witch
38%
Structures Surface Pillager Outpost
25%
Structures Underground Trial Chambers
25%
Mobs Monster Parched
21%
Mobs Monster Zombie Villager
21%
Plants Foliage Tall Dry Grass
17%
Mobs Monster Slime
13%
Structures Surface Abandoned Village
8%
Plants Foliage Short Tall Grass
0%
No matching quizzes found
Score Distribution
Percent of People with Each Score
Percentile by Number Answered
Your Score History
You have not taken this quiz